Stratovosť potravinárskeho priemyslu sa ďalej zvyšuje, kapacity sú čoraz nevyužitejšie
Stratovosť potravinárskeho priemyslu podľa Zelenej správy. Príčiny stratovosti. Nedostatočná ochrana slovenského trhu pred dovozom zahraničných potravín. Snaha vlády ochrániť domáci trh - udelenie koncesií na dovoz spracovaných poľnohospodárskych produktov z EÚ do SR, certifikácia na tzv. citlivé po...
Saved in:
| Main Author: | |
|---|---|
| Format: | Book Chapter |
| Language: | Slovak |
| Subjects: | |
| Tags: |
No Tags, Be the first to tag this record!
|
MARC
| LEADER | 00000naa a2200000 4500 | ||
|---|---|---|---|
| 001 | r023344 | ||
| 005 | 20230921075749.9 | ||
| 041 | 0 | |a slo | |
| 044 | |a SK | ||
| 245 | 1 | 0 | |a Stratovosť potravinárskeho priemyslu sa ďalej zvyšuje, kapacity sú čoraz nevyužitejšie |c J. Janků |
| 520 | |a Stratovosť potravinárskeho priemyslu podľa Zelenej správy. Príčiny stratovosti. Nedostatočná ochrana slovenského trhu pred dovozom zahraničných potravín. Snaha vlády ochrániť domáci trh - udelenie koncesií na dovoz spracovaných poľnohospodárskych produktov z EÚ do SR, certifikácia na tzv. citlivé položky. | ||
| 610 | 2 | 0 | |a poľnohospodárstvo |
| 610 | 2 | 0 | |a potravinárstvo |
| 610 | 2 | 0 | |a potraviny |
| 610 | 2 | 0 | |a trh vnútorný |
| 610 | 2 | 0 | |a protekcionizmus |
| 610 | 2 | 0 | |a výrobky poľnohospodárske |
| 610 | 2 | 0 | |a Slovensko |
| 610 | 2 | 0 | |a certifikácia |
| 100 | 1 | |a Janků, Jaroslav | |